| 000 | 00327nam a2200133Ia 4500 | ||
|---|---|---|---|
| 005 | 20260328104338.0 | ||
| 008 | 260328s9999||||xx |||||||||||||| ||und|| | ||
| 100 | _aErnst, Bruno | ||
| 245 | 0 |
_aErnst : _b der Zauberspiegel des M.C.Escher / _cBruno Ernst |
|
| 260 | _bDTV | ||
| 300 | _a217 p. | ||
| 650 | _aTEORÍA | ||
| 942 | _cBK | ||
| 999 |
_c12011 _d12011 |
||